Survivor First Boots - Statistics

General Stats
  • This quiz has been taken 69 times
  • The average score is 27 of 46
Answer Stats
Season Name % Correct
Worlds Apart So Kim
90%
Survivor 46 David Jelinsky
87%
Borneo Sonja Christopher
85%
Heroes vs. Villains Sugar Kiper
83%
Panama Tina Scheer
83%
All - Stars Tina Wesson
83%
Redemption Island Francesca Hogi
81%
Caramoan Francesca Hogi
81%
Cagayan David Samson
77%
Winners at War Amber Mariano
75%
Micronesia Jon "Fairplay" Dalton
73%
Blood vs. Water Rupert Boneham
73%
San Juan del Sur Nadiya Anderson
71%
China Chicken Morris
69%
Game Changers Ciera Eastin
65%
Thailand John Raymond
65%
Philippines Zane Knight
65%
David vs. Goliath Pat Cusack
63%
Edge of Extinction Reem Daly
63%
Cambodia Vytas Baskauskas
63%
The Australian Outback Debb Eaton
60%
Pearl Islands Nicole Delma
58%
Kaoh Rong Darnell Hamilton
56%
Marquesas Peter Harkey
56%
Ghost Island Stephanie Gonzalez
56%
Tocantins Carolina Eastwood
54%
Cook Islands Sekou Bunch
54%
Survivor 45 Hannah Rose
52%
Survivor 42 Jackson Fox
52%
Millennials vs. Gen X Rachel Ako
52%
Nicaragua Wendy DeSmidt-Kohlhoff
52%
Survivor 44 Bruce Perreault
48%
Heroes vs. Healers vs. Hustlers Katrina Radke
48%
One World Kourtney Moon
48%
Gabon Michelle Chase
48%
Survivor 41 Eric Abraham
46%
Samoa Marisa Calihan
46%
Vanuatu Brook Geraghty
44%
Africa Diane Ogden
44%
South Pacific Semhar Tadesse
44%
The Amazon Ryan Aiken
42%
Palau Jonathan Libby
40%
Guatemala Jim Lynch
38%
Island of the Idols Ronnie Bardah
38%
Survivor 43 Morriah Young
37%
Fiji Jessica DeBen
35%
No matching quizzes found
Score Distribution
Percent of People with Each Score
Percentile by Number Answered
Your Score History
You have not taken this quiz